| 000 | 00459 a2200169 4500 | ||
|---|---|---|---|
| 003 | NUST | ||
| 005 | 20251031143242.0 | ||
| 040 | _cNust | ||
| 082 | _a621.382,ALi | ||
| 100 |
_aAli, Mohammad (TE-41) _9131385 |
||
| 245 |
_aChannel estimation of MIMO OFDM systems / _cMohammad Ali, Rehan Elahi, Ali Saljuk, Shehryar Bukhari TE-41 |
||
| 260 |
_bMCS _c2008 |
||
| 300 | _a72 p.; | ||
| 650 |
_aUG Projects _998716 |
||
| 651 |
_aTE-41 _9131386 |
||
| 942 |
_2ddc _cPR |
||
| 999 |
_c183818 _d183818 |
||